000 00483nam a2200181Ia 4500
003 OSt
005 20260324142534.0
008 190216s9999||||xx |||||||||||||| ||und||
020 _a9788126411436
040 _coclc
082 _a891.423
_bCOU/K
100 _aCour, Ajeet
_96449
245 0 _aKasappusala /
_cAjeet Cour
260 _bDc Books,
_aKottayam:
_c2006.
300 _a96p
650 _aLekhanam
942 _cBK
_2ddc
_h891.423
_iCOU/K
_k891.423
_mCOU/K
999 _c28508
_d28508